The New Politics of Welfare: Social Justice in a Global Context

التفاصيل البيبلوغرافية
المؤلف الرئيسي: Bill Jordan
التنسيق: الكتروني كتاب الكتروني
اللغة:English
منشور في: SAGE, 1-Mar-99
الموضوعات:
الوصول للمادة أونلاين:Full text available on SAGE[31-Dec-13]
Off-campus access
LEADER 01152pam a2200253 a 4500
001 AALebookSAGEPIR000291
003 BD-DhAAL
006 m||||||||d||||||||
007 cr||||||||||||
008 221121s9999 enkabf fo j 001 0 eng d
020 |a 9781446279403 
040 |a BD-DhAAL  |c BD-DhAAL 
100 0 |a Bill Jordan 
245 1 0 |h [electronic resource]  |a The New Politics of Welfare: Social Justice in a Global Context 
260 |b SAGE,  |c 1-Mar-99 
300 |a 1 online resource 
500 |a <strong>Off-Campus Access:</strong> Athens ID and Password Required 
500 |a <strong>On-Campus Access:</strong> No User ID or Password Required 
506 |a Electronic access restricted to authorized BRAC University faculty, staff and students 
538 |a Mode of access: Internet 
650 4 |a Politics & International Relations 
655 7 |a Electronic books  |2 Library of Congress 
856 4 0 |z Full text available on SAGE[31-Dec-13]  |u http://knowledge.sagepub.com/view/the-new-politics-of-welfare/SAGE.xml 
856 4 0 |z Off-campus access  |u https://go.openathens.net/redirector/bracu.ac.bd?url=https%3A%2F%2Fsk.sagepub.com%2Fbooks%2Fthe-new-politics-of-welfare